Music Quiz

Random Music or Decade Quiz

1970s Lyric Match Quiz Stats

 Plays Quiz Updated Dec 1, 2015

Challenge
Share
Tweet
Embed
Score 0/25 Timer 08:00
27 Plays Today
% Correct
Let It Be - The Beatles
94.7%
Play That Funky Music - Wild Cherry
92%
Killing Me Softly With His Song - Roberta Flack
91.4%
Stuck In The Middle With You - Stealers Wheel
88.8%
(They Long to Be) Close to You - Carpenters
82.7%
In The Summertime - Mungo Jerry
82.6%
Your Song - Elton John
82.1%
American Pie - Don McLean
81%
Band of Gold - Freda Payne
80.6%
I Will Survive - Gloria Gaynor
80.5%
Sweet Home Alabama - Lynyrd Skynyrd
77.6%
I Think I Love You - The Partridge Family
71.8%
More Than a Feeling - Boston
68.4%
% Correct
Bridge Over Troubled Water - Simon & Garfunkel
66.1%
American Woman - The Guess Who
65.8%
Love Grows (Where My Rosemary Goes) - Edison Lighthouse
65.6%
Lola - The Kinks
61%
The Way We Were - Barbra Streisand
60.8%
ABC - Jackson 5
60.8%
How Deep Is Your Love - Bee Gees
60.2%
Go Your Own Way - Fleetwood Mac
60%
Fire and Rain - James Taylor
57.1%
Let's Get It On - Marvin Gaye
56%
My Sweet Lord - George Harrison
52.4%
Paranoid - Black Sabbath
43.5%

You're not logged in!

Compare scores with friends on all Sporcle quizzes.
Join for Free
OR
Log In

You Might Also Like...

Show Comments

Extras

Top Quizzes Today


Score Distribution

Your Account Isn't Verified!

In order to create a playlist on Sporcle, you need to verify the email address you used during registration. Go to your Sporcle Settings to finish the process.

Report this User

Report this user for behavior that violates our Community Guidelines.

Details: